| 000 | 00830cam a2200265 i 4500 | ||
|---|---|---|---|
| 001 | 768714001 | ||
| 003 | CO-MdBIC | ||
| 005 | 20231122122935.0 | ||
| 007 | ta | ||
| 008 | 231122t1966 -us||||| |||| 00| 0 eng d | ||
| 040 |
_bspa. _aCO-MdFUSB _cCO-MdFUSB _dCO-MdFUSBC _erda |
||
| 041 | _aeng | ||
| 082 | 0 | 4 | _aG 230.0904 L5331w |
| 100 | 1 | _aLeitch, Addison H. | |
| 245 | 1 | 0 |
_aWinds of doctrine : The theology of Barth, Brunner, Bonhoeffer, Bultmann, Niebuhr, Tillich / Addison H. Leitch _c/ |
| 264 | 1 |
_aWestwood, NJ. : Fleming H. Revell _bFleming H. Revell, _c[1966] |
|
| 264 | 1 | _c©1966 | |
| 300 |
_a62 Pág. _c; |
||
| 336 |
_atexto _btxt _2rdacontent |
||
| 337 |
_2rdamedia _asin mediación _bn |
||
| 338 |
_2rdacarrier _avolumen _bnc |
||
| 650 | 7 |
_2embne _96945 _aTeología dogmática _yS.XX |
|
| 942 | _cBK | ||
| 945 | _aJohan1477 | ||
| 999 |
_c42782 _d42782 |
||